000 00512nam a2200169Ia 4500
008 240428s9999||||xx |||||||||||||| ||und||
020 _a9783659720659
041 _aeng
082 _a333.7916Y
100 _aYankey, Isaac Kwasi
245 0 _aSustainable energy in Ghana: issues in the assessment of potential economic viability
260 _bLambert Academic Pub.
_aDeutschland
_c2016
300 _aviii, 71p.;diags.,graphs, maps, tabs.,
650 _aSustainable Energy - Ghana
942 _cBK
999 _c334
_d334